Análisis de la NUA [t.o. RT (FACPCE) 59/2024] en la actividad ganadera de cría bovina (Registro nro. 36181)

Detalles MARC
000 -LEADER
fixed length control field 00447 a2200133 4500
001 - CONTROL NUMBER
control field ART_61254
005 - DATE AND TIME OF LATEST TRANSACTION
control field 20260410162055.0
008 - FIXED-LENGTH DATA ELEMENTS--GENERAL INFORMATION
fixed length control field 260409a
100 1# - MAIN ENTRY--PERSONAL NAME
Personal name Tonelli, Omar E.
245 10 - TITLE STATEMENT
Title Análisis de la NUA [t.o. RT (FACPCE) 59/2024] en la actividad ganadera de cría bovina
700 1# - ADDED ENTRY--PERSONAL NAME
Personal name Simaro, Jorge D.
700 1# - ADDED ENTRY--PERSONAL NAME
Personal name Martinefski, María Inés
773 0# - HOST ITEM ENTRY
Title Consultor agropecuario
Related parts - Nº 68 (ago./sep. 2024)
Record control number REV56842

No hay ítems disponibles.